Ethnic minority media : an international perspective

Saved in:
Bibliographic Details
Other Authors: Riggins, Stephen Harold 1946- (Editor)
Format: Book
Language:English
Published: Newbury Park : Sage, 1992
Series:Communication and human values
Subjects:
Tags: Add Tag
No Tags, Be the first to tag this record!

MARC

LEADER 00000nam a2200000 i 4500
001 1/62800
008 930921s eng d
020 |a 0-8039-4724-0 
035 |a ΛΕΣΒΟΣb10001103  |l 10001103 
040 |a GR-MY-UA  |b gre  |e aacr 
041 0 |a eng 
082 0 |a 302.23089 
245 1 0 |a Ethnic minority media :  |b an international perspective /  |c Edited by Stephen Harold Riggins 
260 |a Newbury Park :   |b Sage,   |c 1992 
300 |a 298 p. 
490 1 |a Communication and human values 
504 |a Includes bibliographical references and index 
650 0 0 |a Ethnic mass media. 
700 1 |a Riggins, Stephen Harold  |d 1946-  |4 edt 
830 0 |a Communication and human values 
852 |a INST  |b LESVOS  |e 19930921  |h 302.23089 ETH  |p 005100006920  |q 005100006920  |t BK  |y 0 
909 |a Λ  |b 028740